| 000 | 00484nam a2200157 i 4500 | ||
|---|---|---|---|
| 001 | 56183 | ||
| 003 | ES-MaACL | ||
| 005 | 20230906163314.0 | ||
| 007 | t| | ||
| 008 | 031003q1906 sp ||||1| spa d | ||
| 100 | 1 |
_aDíaz de Rada, Faustino. _944250 |
|
| 245 | 1 | 0 |
_aContribución de la radiactividad al análisis químico _b: memoria / _cFaustino Díaz de Rada. |
| 260 |
_aMadrid : _bHijos de M. G. Hernández, _c[1906?] |
||
| 300 |
_a38 p. ; _c23 cm. |
||
| 852 |
_aES-MaACL _jT-1130-F-4 |
||
| 999 |
_c56183 _d56183 |
||